[Event "IV AD San Juan GM"]
[Site "Pamplona ESP"]
[Date "2010.07.27"]
[Round "4"]
[White "Kurnosov,I"]
[Black "Lopez Martinez,Josep"]
[Result "1/2-1/2"]
[WhiteElo "2662"]
[BlackElo "2543"]
[EventDate "2010.07.24"]

1. e4 c6 2. d4 d5 3. e5 Bf5 4. Nf3 e6 5. Be2 Nd7 6. O-O h6 7. Nbd2 Ne7 8.
Nb3 Bh7 9. a4 Ng6 10. a5 Be7 11. c4 dxc4 12. Bxc4 O-O 13. Qe2 Re8 14. Be3
Bf8 15. a6 b6 16. Bd3 Rc8 17. Rfc1 Nb8 18. Qc2 Be7 19. Nbd2 Nf8 20. Ne4 Bg6
21. h3 Nfd7 22. Nd6 Bxd3 23. Qxd3 Bxd6 24. exd6 Nf6 25. Bf4 Nd5 26. Bg3 f6
27. Nd2 Qd7 28. Ne4 Rcd8 29. Nc3 Qf7 30. Ra3 Rd7 31. Nxd5 exd5 32. Rac3 h5
33. h4 Qe6 34. Qg6 Qf7 35. Qf5 Re4 36. Re3 Rxe3 37. fxe3 g6 38. Qd3 Qe8 39.
Bf4 Kf7 40. Rf1 Qe4 41. Qe2 Kg7 42. Bg3 Qe6 43. Bf4 Rd8 44. Qc2 Rd7 45. Rc1
Kf7 46. Qf2 Kg7 47. Qf3 Kf7 48. Kh2 Qf5 49. Qe2 Qe6 50. Re1 Qe4 51. g4 hxg4
52. Qxg4 Qe6 53. Qe2 Qe4 54. Bg3 Ke8 55. Rf1 Rh7 56. Rf4 Qe6 57. Kg1
1/2-1/2

[Event "IV AD San Juan GM"]
[Site "Pamplona ESP"]
[Date "2010.07.27"]
[Round "4"]
[White "Fedorchuk,S"]
[Black "Fressinet,L"]
[Result "1/2-1/2"]
[WhiteElo "2665"]
[BlackElo "2697"]
[EventDate "2010.07.24"]

1. e4 e5 2. Nf3 Nc6 3. Bb5 Nf6 4. d3 Bc5 5. c3 O-O 6. O-O d6 7. Nbd2 Bb6 8.
Nc4 Ne7 9. Ba4 Ng6 10. Bc2 Be6 11. Nxb6 axb6 12. d4 Qe7 13. h3 h6 14. Re1
Nh7 15. a4 Qf6 16. b4 Ng5 17. Nxg5 hxg5 18. Be3 Nf4 19. Bb3 g6 20. Bxe6
Qxe6 21. d5 Qe7 22. c4 f5 23. a5 bxa5 24. Rxa5 fxe4 1/2-1/2

[Event "IV AD San Juan GM"]
[Site "Pamplona ESP"]
[Date "2010.07.27"]
[Round "4"]
[White "Reinaldo Castineira,R"]
[Black "Wojtaszek,R"]
[Result "1/2-1/2"]
[WhiteElo "2511"]
[BlackElo "2663"]
[EventDate "2010.07.24"]

1. Nf3 Nf6 2. c4 c6 3. Nc3 d5 4. cxd5 cxd5 5. d4 Nc6 6. Bf4 a6 7. e3 Bg4 8.
Bd3 e6 9. O-O Be7 10. a3 O-O 11. h3 Bh5 12. Rc1 Na5 13. Ne2 Rc8 14. Ne5 Nd7
15. Rxc8 Qxc8 16. Qb1 Nxe5 17. Bxe5 Bg6 18. Rc1 Bxd3 19. Qxd3 Nc4 20. Rc2
Qd7 21. Bg3 Qb5 22. a4 Qxa4 23. b3 Qa3 24. e4 Na5 25. exd5 exd5 26. Rc7 b5
27. Nc3 Bd6 28. Bxd6 Qxd6 29. Rc5 Re8 30. g3 Nxb3 31. Rxd5 Qc6 32. Re5 Rd8
33. Nxb5 Nc1 34. Qc3 Qxc3 35. Nxc3 f6 36. Ra5 Rc8 37. Nd5 Rd8 38. Nc3 Nb3
39. Rxa6 Nxd4 40. Kg2 1/2-1/2

[Event "IV AD San Juan GM"]
[Site "Pamplona ESP"]
[Date "2010.07.28"]
[Round "5"]
[White "Wojtaszek,R"]
[Black "Morozevich,A"]
[Result "1-0"]
[WhiteElo "2663"]
[BlackElo "2715"]
[EventDate "2010.07.24"]

1. d4 d5 2. c4 e6 3. Nc3 a6 4. cxd5 exd5 5. Bf4 c6 6. e3 Bd6 7. Bxd6 Qxd6
8. Bd3 Ne7 9. Qc2 Bg4 10. Nge2 Bxe2 11. Bxe2 Nd7 12. O-O-O O-O 13. Bd3 Kh8
14. Kb1 Rac8 15. h4 b5 16. h5 h6 17. Ne2 a5 18. Ng3 Nb6 19. Qc5 Qxc5 20.
dxc5 Nd7 21. Rc1 Ne5 22. Be2 f5 23. Rh4 Rf6 24. a4 b4 25. f4 Nd7 26. Bd3
Rg8 27. Ne2 g5 28. hxg6 Rgxg6 29. g3 Nf8 30. Kc2 Ne6 31. Kd2 Rg8 32. Rh5
Kg7 33. Ke1 Kg6 34. Rh4 Rd8 35. Kd2 d4 36. e4 fxe4 37. Bxe4+ Kg7 38. Rh5 d3
39. Bxd3 Rf5 40. Rxf5 Nxf5 41. g4 Nh4 42. f5 Ng5 43. Nf4 Nhf3+ 44. Ke3 Ne5
45. Be2 Kf6 46. Nh5+ Ke7 47. b3 Ngf7 48. Rd1 Nd7 49. Bc4 Nfe5 50. Rd4 Nxc4+
51. Rxc4 Kf7 52. Kf4 Nf8 53. Ke3 Re8+ 54. Re4 Rxe4+ 55. Kxe4 Nd7 56. Kd4
Ke7 57. Nf4 Kf7 58. Ne6 Ke7 59. g5 hxg5 60. Nxg5 Kf6 61. Ne4+ Kxf5 62. Nd6+
Ke6 63. Nc4 Nf6 64. Ne5 1-0

[Event "IV AD San Juan GM"]
[Site "Pamplona ESP"]
[Date "2010.07.28"]
[Round "5"]
[White "Fressinet,L"]
[Black "Iturrizaga,E"]
[Result "1-0"]
[WhiteElo "2697"]
[BlackElo "2614"]
[EventDate "2010.07.24"]

1. d4 Nf6 2. Nf3 e6 3. c4 c5 4. d5 d6 5. Nc3 exd5 6. cxd5 g6 7. h3 Bg7 8.
e4 O-O 9. Bd3 b5 10. Nxb5 Re8 11. O-O Nxe4 12. Re1 a6 13. Nc3 Nxc3 14. bxc3
Bxc3 15. Rxe8+ Qxe8 16. Rb1 Nd7 17. Qa4 Qd8 18. Qc6 Rb8 19. Bf4 Rxb1+ 20.
Bxb1 Nf6 21. Bd3 Qd7 22. Bxd6 Bb7 23. Qxc5 Nxd5 24. Qa7 Qxd6 25. Qxb7 Nc7
26. Bxa6 Ba5 27. Qb8+ Kg7 28. Qb2+ f6 29. Bc4 Bb6 30. Qe2 Qc5 31. Nh2 Qa3
32. Qd2 Qa4 33. Bb3 Qe8 34. Ng4 Qe7 35. h4 Bc5 36. h5 gxh5 37. Qh6+ Kh8 38.
Qxf6+ Qxf6 39. Nxf6 h4 40. Ne4 Bd4 41. Kh2 Ne8 42. Kh3 Nf6 43. Nxf6 Bxf6
44. Kg4 Kg7 45. a4 Bd8 46. Kf5 Bb6 47. f3 Kh6 48. Kg4 Bd8 49. Bc2 Kg7 50.
Bf5 h6 51. Kf4 Kf6 52. Bh3 Ba5 53. Ke4 Ke7 54. Kd5 Bd2 55. Kc6 1-0

[Event "IV AD San Juan GM"]
[Site "Pamplona ESP"]
[Date "2010.07.28"]
[Round "5"]
[White "Lopez Martinez,Josep"]
[Black "Fedorchuk,S"]
[Result "1/2-1/2"]
[WhiteElo "2543"]
[BlackElo "2665"]
[EventDate "2010.07.24"]

1. Nf3 Nf6 2. c4 e6 3. g3 b6 4. Bg2 Bb7 5. O-O Be7 6. d4 O-O 7. Re1 a5 8.
Nc3 Ne4 9. Nxe4 Bxe4 10. Ne5 Bxg2 11. Kxg2 d6 12. Nf3 d5 13. Qa4 Na6 14.
Bf4 c5 15. Red1 Bf6 16. Be3 Qe8 17. Qxe8 Rfxe8 18. cxd5 exd5 1/2-1/2

[Event "IV AD San Juan GM"]
[Site "Pamplona ESP"]
[Date "2010.07.28"]
[Round "5"]
[White "Zvjaginsev,V"]
[Black "Kurnosov,I"]
[Result "1/2-1/2"]
[WhiteElo "2656"]
[BlackElo "2662"]
[EventDate "2010.07.24"]

1. d4 Nf6 2. c4 g6 3. Nc3 d5 4. cxd5 Nxd5 5. e4 Nxc3 6. bxc3 Bg7 7. Nf3 c5
8. Be3 Qa5 9. Qd2 Nc6 10. Rb1 a6 11. Rc1 cxd4 12. cxd4 Qxd2+ 13. Kxd2 f5
14. e5 Be6 15. Bc4 Bxc4 16. Rxc4 O-O 17. Ke2 Rad8 18. Rb1 Rd7 19. h4 e6 20.
g3 h6 21. Ne1 Re8 22. Kd3 Bf8 23. a4 Kf7 1/2-1/2

[Event "IV AD San Juan GM"]
[Site "Pamplona ESP"]
[Date "2010.07.29"]
[Round "6"]
[White "Morozevich,A"]
[Black "Kurnosov,I"]
[Result "1/2-1/2"]
[WhiteElo "2715"]
[BlackElo "2662"]
[EventDate "2010.07.24"]

1. d4 Nf6 2. c4 g6 3. Nc3 d5 4. Nf3 Bg7 5. Qb3 dxc4 6. Qxc4 O-O 7. e4 a6 8.
e5 b5 9. Qb3 Nfd7 10. e6 fxe6 11. Be3 Nf6 12. a4 bxa4 13. Rxa4 Nc6 14. Bc4
Rb8 15. Bxe6+ Kh8 16. Qc4 Bxe6 17. Qxe6 Qd6 18. Ng5 Nd8 19. Qc4 Rxb2 20.
Rxa6 c6 21. O-O Ng4 22. g3 1/2-1/2

[Event "IV AD San Juan GM"]
[Site "Pamplona ESP"]
[Date "2010.07.29"]
[Round "6"]
[White "Fedorchuk,S"]
[Black "Zvjaginsev,V"]
[Result "1/2-1/2"]
[WhiteElo "2665"]
[BlackElo "2656"]
[EventDate "2010.07.24"]

1. e4 c5 2. Nf3 Nc6 3. Nc3 g6 4. d4 cxd4 5. Nxd4 Bg7 6. Be3 Nf6 7. Bc4 O-O
8. Bb3 d6 9. f3 Bd7 10. Qd2 Nxd4 11. Bxd4 b5 12. a4 b4 13. Nd5 Nxd5 14.
Bxg7 Kxg7 15. exd5 Qb6 16. h4 h5 17. O-O-O Rac8 18. Kb1 Rc7 19. Rhe1 Bf5
20. Qd4+ Qxd4 1/2-1/2

[Event "IV AD San Juan GM"]
[Site "Pamplona ESP"]
[Date "2010.07.29"]
[Round "6"]
[White "Iturrizaga,E"]
[Black "Lopez Martinez,Josep"]
[Result "1-0"]
[WhiteElo "2614"]
[BlackElo "2543"]
[EventDate "2010.07.24"]

1. Nf3 g6 2. c4 Bg7 3. Nc3 Nf6 4. e4 d6 5. d4 O-O 6. Be2 e5 7. O-O Na6 8.
Be3 Ng4 9. Bg5 Qe8 10. dxe5 dxe5 11. Qc1 b6 12. h3 Nf6 13. Qe3 c6 14. Bh6
Qe7 15. a3 Bb7 16. b4 Rad8 17. Rfd1 Bxh6 18. Qxh6 Rfe8 19. Rxd8 Rxd8 20.
Qg5 Re8 21. Rd1 Nc7 22. Qe3 Kg7 23. Na4 Nd7 24. Qd2 Nf6 25. Qe3 Nd7 26. Qd3
Nf6 27. c5 b5 28. Nb2 Ng8 29. Rd2 f6 30. Bd1 Ne6 31. Bb3 Rd8 32. Qc3 Rxd2
33. Qxd2 Bc8 34. Nd3 Nc7 35. Nc1 Ne8 36. g4 g5 37. Ne2 Kf8 38. Ng3 Ng7 39.
a4 a6 40. axb5 axb5 41. Qa2 Be6 42. Nd2 Bxb3 43. Nxb3 Qd8 44. Na5 Qd7 45.
Qb3 Ne7 46. Qf3 Kf7 47. h4 h6 48. hxg5 hxg5 49. Kh2 Qc8 50. Qb3+ Qe6 51.
Qd1 Qc8 52. Kg1 Ne6 53. Nf5 Qd8 54. Qb3 Qd7 55. Nb7 Kf8 56. Nbd6 Nxf5 57.
gxf5 Nd8 58. Qh3 Nf7 59. Qh7 Qe7 60. Nxf7 Qxf7 61. Qh8+ Ke7 62. Qc8 Qb3 63.
Kg2 g4 64. Qxc6 Qf3+ 65. Kg1 Qd1+ 66. Kh2 g3+ 67. Kg2 gxf2 68. Qe6+ Kf8 69.
Qd6+ 1-0

[Event "IV AD San Juan GM"]
[Site "Pamplona ESP"]
[Date "2010.07.29"]
[Round "6"]
[White "Reinaldo Castineira,R"]
[Black "Fressinet,L"]
[Result "0-1"]
[WhiteElo "2511"]
[BlackElo "2697"]
[EventDate "2010.07.24"]

1. c4 e5 2. g3 Nf6 3. Bg2 h6 4. a3 c6 5. d4 exd4 6. Qxd4 d5 7. Nf3 Be7 8.
cxd5 cxd5 9. Nc3 Nc6 10. Qd3 O-O 11. O-O Be6 12. Rd1 Qd7 13. Bf4 Bf5 14. e4
dxe4 15. Qxd7 Bxd7 16. Nxe4 Be6 17. Nd4 Nxd4 18. Rxd4 Rad8 19. Rad1 Rxd4
20. Rxd4 Nxe4 21. Bxe4 b6 22. Be5 Rc8 23. Kg2 f6 24. Bf4 Kf7 25. Be3 f5 26.
Bd5 Bf6 27. Bxe6+ Kxe6 28. Rd2 g5 29. h3 Rc4 30. f4 g4 31. hxg4 fxg4 32.
f5+ Kxf5 33. Bxh6 Rd4 34. Rf2+ Kg6 35. Bf4 Rd3 36. Bb8 a5 37. Rc2 Rb3 38.
Bc7 Kf5 39. Rf2+ Kg5 40. Bf4+ Kg6 41. Bc7 a4 42. Rf4 Rxb2+ 43. Kf1 b5 44.
Rxg4+ Kf5 45. Rf4+ Ke6 46. Ba5 Be7 47. Re4+ Kd7 48. g4 Bxa3 49. g5 Bc5 50.
g6 Rf2+ 51. Ke1 Rg2 52. Re5 Kd6 53. Bc7+ Kxc7 54. Rxc5+ Kb6 55. Rh5 Rxg6
56. Kd2 Rc6 57. Rh8 Ka5 0-1

[Event "IV AD San Juan GM"]
[Site "Pamplona ESP"]
[Date "2010.07.30"]
[Round "7"]
[White "Fressinet,L"]
[Black "Wojtaszek,R"]
[Result "1/2-1/2"]
[WhiteElo "2697"]
[BlackElo "2663"]
[EventDate "2010.07.24"]

1. d4 Nf6 2. Nf3 d5 3. c4 e6 4. e3 c5 5. cxd5 exd5 6. Bb5+ Bd7 7. Bxd7+
Nbxd7 8. dxc5 Nxc5 9. O-O Be7 10. Bd2 O-O 11. Bc3 Qd7 12. Bd4 Rfd8 13. Nc3
Ne6 14. Qd3 Nxd4 15. Nxd4 Rac8 16. Rfd1 Bd6 17. Rac1 a6 18. h3 Be5 19. Rc2
h6 20. Rdc1 Rc7 21. Nf3 Bxc3 22. Rxc3 Rdc8 23. Nd4 Rxc3 24. Rxc3 Ne4 25.
Rc2 Nd6 26. Ne2 Rxc2 27. Qxc2 Ne4 28. f3 Ng5 29. Qd3 Ne6 30. Kf2 Qd6 31. a3
Kf8 32. b4 h5 33. Qc3 Ke7 34. Nd4 1/2-1/2

[Event "IV AD San Juan GM"]
[Site "Pamplona ESP"]
[Date "2010.07.30"]
[Round "7"]
[White "Lopez Martinez,Josep"]
[Black "Reinaldo Castineira,R"]
[Result "1/2-1/2"]
[WhiteElo "2543"]
[BlackElo "2511"]
[EventDate "2010.07.24"]

1. d4 Nf6 2. c4 e6 3. Nc3 Bb4 4. e3 O-O 5. Bd3 d5 6. Nf3 b6 7. cxd5 exd5 8.
O-O Bg4 9. Ne2 Nbd7 10. Ng3 Bd6 11. Nf5 Bxf5 12. Bxf5 Ne4 13. Nd2 Re8 14.
Qc2 Qe7 15. Qc6 Ndf6 16. Nxe4 dxe4 17. Bd2 1/2-1/2

[Event "IV AD San Juan GM"]
[Site "Pamplona ESP"]
[Date "2010.07.30"]
[Round "7"]
[White "Zvjaginsev,V"]
[Black "Iturrizaga,E"]
[Result "1/2-1/2"]
[WhiteElo "2656"]
[BlackElo "2614"]
[EventDate "2010.07.24"]

1. e4 c6 2. d4 d5 3. Nd2 dxe4 4. Nxe4 Bf5 5. Nc5 Nd7 6. Bd3 Bxd3 7. Nxd3
Ngf6 8. Nf3 e6 9. O-O Be7 10. c4 O-O 11. Be3 Qa5 12. Re1 Qa6 13. Qc2 b5 14.
b3 bxc4 15. bxc4 c5 16. dxc5 Rfc8 17. Rab1 Nxc5 18. Bxc5 Bxc5 19. Rb5 Ba3
20. Qb3 1/2-1/2

[Event "IV AD San Juan GM"]
[Site "Pamplona ESP"]
[Date "2010.07.30"]
[Round "7"]
[White "Kurnosov,I"]
[Black "Fedorchuk,S"]
[Result "1/2-1/2"]
[WhiteElo "2662"]
[BlackElo "2665"]
[EventDate "2010.07.24"]

1. d4 Nf6 2. c4 e6 3. Nc3 Bb4 4. f3 d5 5. a3 Bxc3+ 6. bxc3 c5 7. cxd5 Nxd5
8. Qd2 f5 9. Nh3 Qa5 10. Bb2 O-O 11. e4 fxe4 12. fxe4 Nb6 13. Rd1 Bd7 14.
Ng5 h6 15. Nf3 Na4 16. Rc1 1/2-1/2

[Event "IV AD San Juan GM"]
[Site "Pamplona ESP"]
[Date "2010.07.31"]
[Round "8"]
[White "Morozevich,A"]
[Black "Fedorchuk,S"]
[Result "0-1"]
[WhiteElo "2715"]
[BlackElo "2665"]
[EventDate "2010.07.24"]

1. d4 Nf6 2. c4 e6 3. Nc3 Bb4 4. f3 d5 5. a3 Bxc3+ 6. bxc3 c5 7. cxd5 Nxd5
8. dxc5 Qa5 9. e4 Nf6 10. Be3 O-O 11. Ne2 Nfd7 12. Nd4 Nxc5 13. Kf2 Bd7 14.
Qb1 Nba6 15. Be2 Ba4 16. Ra2 Rfd8 17. Rc1 Qc7 18. Rb2 Qxh2 19. Rh1 Qe5 20.
g4 Be8 21. g5 Na4 22. f4 Qa5 23. e5 g6 24. Rh6 Nxb2 25. Qh1 Nc5 26. Rxh7
Kf8 27. Qh6+ Ke7 28. Qxg6 Qxc3 29. Rxf7+ Bxf7 30. Qf6+ Kd7 31. Qxf7+ Kc8
32. Nxe6 Nbd3+ 33. Kf3 Nxe6 34. Qxe6+ Kc7 35. Qf6 Nc1 36. Kf2 Nxe2 37. Qf7+
Kc8 0-1

[Event "IV AD San Juan GM"]
[Site "Pamplona ESP"]
[Date "2010.07.31"]
[Round "8"]
[White "Reinaldo Castineira,R"]
[Black "Zvjaginsev,V"]
[Result "0-1"]
[WhiteElo "2511"]
[BlackElo "2656"]
[EventDate "2010.07.24"]

1. d4 Nf6 2. Nf3 c5 3. d5 d6 4. Nc3 a6 5. a4 e6 6. e4 exd5 7. exd5 Bg4 8.
Be2 Bxf3 9. Bxf3 Be7 10. O-O O-O 11. Bf4 Nbd7 12. a5 Re8 13. Qd2 Bf8 14.
Na4 Ne4 15. Qd3 f5 16. Rae1 Qxa5 17. Bxe4 fxe4 18. Rxe4 c4 19. Qxc4 b5 20.
Qc3 Qd8 21. Rxe8 Qxe8 22. Re1 Qf7 23. Qc6 Re8 24. Rxe8 Qxe8 25. Kf1 bxa4
26. Bxd6 Bxd6 27. Qxd6 Nf6 28. Qxa6 Nxd5 29. b3 axb3 30. cxb3 Qe4 31. Qc4
Qe6 32. h4 Kf7 33. g3 Nf6 34. Qxe6+ Kxe6 35. Ke2 Kf5 36. f3 Ke5 37. Ke3
Nd5+ 38. Kd3 Ne7 39. b4 Nf5 40. Kc4 Kd6 41. Kb5 Nxg3 42. Ka6 Ne2 43. b5 Nc3
44. b6 Na4 45. b7 Nc5+ 46. Kb6 Nxb7 47. Kxb7 Ke5 48. Kc6 Kf4 49. Kd5 Kxf3
50. h5 Kg4 51. h6 0-1

[Event "IV AD San Juan GM"]
[Site "Pamplona ESP"]
[Date "2010.08.01"]
[Round "9"]
[White "Zvjaginsev,V"]
[Black "Wojtaszek,R"]
[Result "1/2-1/2"]
[WhiteElo "2656"]
[BlackElo "2663"]
[EventDate "2010.07.24"]

1. e4 c6 2. d4 d5 3. Nd2 dxe4 4. Nxe4 Nd7 5. Nf3 Ngf6 6. Ned2 e6 7. g3 b6
8. Bg2 Bb7 9. O-O c5 10. Nc4 Be7 11. Qe2 O-O 12. Rd1 Qc8 13. b3 cxd4 14.
Bb2 Nc5 15. Rxd4 Bd5 16. Nce5 Qc7 17. c4 Bb7 18. Rad1 a5 19. h4 h6 20. g4
Rad8 21. g5 hxg5 22. Rxd8 Bxd8 23. Nxg5 Bxg2 24. Kxg2 Qb7+ 25. Kg1 Bc7 26.
Ng4 Nfe4 27. Nxe4 Qxe4 28. Qxe4 1/2-1/2

[Event "IV AD San Juan GM"]
[Site "Pamplona ESP"]
[Date "2010.08.01"]
[Round "9"]
[White "Kurnosov,I"]
[Black "Reinaldo Castineira,R"]
[Result "1-0"]
[WhiteElo "2662"]
[BlackElo "2511"]
[EventDate "2010.07.24"]

1. e4 e5 2. Nf3 Nc6 3. Bb5 f5 4. d3 fxe4 5. dxe4 Nf6 6. O-O Bc5 7. Qd3 d6
8. Qc4 Qe7 9. Nc3 Bd7 10. Nd5 Nxd5 11. exd5 Nd4 12. Nxd4 Bxd4 13. a4 a6 14.
Bxd7+ Qxd7 15. Be3 Bxe3 16. fxe3 O-O-O 17. b4 Kb8 18. Qb3 Rhf8 19. a5 Rf6
20. Rxf6 gxf6 21. c4 Rg8 22. b5 axb5 23. cxb5 Qh3 24. Ra2 f5 25. b6 cxb6
26. Qxb6 Qh4 27. Qb1 Qh3 28. Qc1 Qf3 29. Qd2 Qe4 30. Rb2 Qc4 31. h3 Rc8 32.
Kh2 Rc5 33. Qf2 f4 34. a6 Qxa6 35. exf4 exf4 36. Qxf4 Rxd5 37. Qf7 Rc5 38.
Qxh7 Rc7 39. Qg8+ Rc8 40. Qd5 Rc5 41. Qg8+ Rc8 42. Qf7 Qc6 43. Qf4 Re8 44.
Rd2 Re5 45. Qf6 Kc7 46. Rd3 b5 47. Ra3 b4 48. Qf7+ Kc8 49. Rg3 Re8 50. Rg4
d5 51. Rxb4 Qc7+ 52. Rf4 Qxf7 53. Rxf7 d4 54. Kg3 d3 55. Rf2 Re3+ 56. Kf4
Re2 57. Kf3 Rc2 58. Ke3 1-0